[Event "Dresden Uhlmann"]
[Site "Dresden"]
[Date "1995.??.??"]
[Round "2"]
[White "Uhlmann, Wolfgang"]
[Black "Knaak, Rainer"]
[Result "1-0"]
[WhiteElo "2470"]
[BlackElo "2540"]
[Annotator "Knaak,R"]
[PlyCount "61"]
[EventDate "1995.03.??"]
[EventType "tourn"]
[EventRounds "3"]
[EventCountry "GER"]
[EventCategory "12"]
[SourceTitle "CBM 046"]
[Source "ChessBase"]
[SourceDate "1995.06.01"]
[SourceVersion "1"]
[SourceVersionDate "1995.06.01"]
[SourceQuality "1"]

1. e4 {Ftacnik} e6 2. d4 d5 3. Nc3 Bb4 4. e5 c5 5. a3 Ba5 6. b4 cxd4 7. Nb5 Bc7
8. Nf3 (8. f4 {Ftacnik} Ne7 9. Nf3 Nbc6 10. Bd3 a6 11. Nxc7+ Qxc7 12. O-O Bd7
13. Bb2 Qb6 14. Kh1 $36) 8... Nc6 (8... Ne7 9. Nbxd4 Nbc6 10. Nxc6 bxc6 11. Bd3
Ng6 12. Bb2 Rb8 13. Bd4 {+/= Mnatsakanian,E-Lputian,S/Erevan 1984}) 9. Bf4 Nge7
(9... a6 {Ftacnik} 10. Nxc7+ Qxc7 11. Bd3 Nge7 12. O-O Bd7 13. Re1 (13. Bg3 Rc8
14. Qd2 Ng6 15. Rfe1 Qb6 16. h4 h6 17. h5 Nge7 18. Qf4 Nf5 19. Bh2 Qd8 20. a4
g5 21. hxg6 fxg6 22. Qd2 Qe7 23. Rab1 Ra8 24. b5 {Karpov,An-Shmulevich,M/St
Martin simul/1992/0.5 (43)}) 13... h6 14. Qd2 Qb6 15. Rab1 Ng6 16. Bg3 Nce7 17.
h4 Bb5 18. h5 Bxd3 19. Qxd3 Nf8 20. Nxd4 Nd7 21. Bf4 Rc8 22. Rb3 Rc4 23. Rd1
O-O 24. Qd2 {Manca,F-Hug,W/Novi Sad olm (09) ITA-SWZ/1990/0.5 (69)}) 10. Nbxd4
(10. Nxc7+ Qxc7 11. Bd3 Ng6 12. Bg3 a5 (12... Bd7 $2 13. O-O Qb6 14. Re1 h6 15.
Rb1 O-O 16. Qd2 Nce7 17. h4 Nf5 18. Bxf5 exf5 19. h5 Ne7 $16 {Tseshkovsky,
V-Lputian,S/Erevan 1984/1/2-1/2 (60)}) (12... Ngxe5 13. Nxe5 Nxe5 14. Bb5+ (14.
O-O f6 15. Re1 O-O 16. Rxe5 fxe5 17. Qh5 g6 18. Qg5 Qc3 19. Rf1 e4 20. Bb5 a6
21. Be8 Rxe8 22. Be5 Rf8 23. Qe7 Rf7 24. Qe8+ {Riemersma,L-Mueller,Ka/Bad
Woerishofen (3)/1991/0.5 (25)}) 14... Bd7 (14... Ke7 15. Qxd4 f6 16. O-O Qb6
17. Bxe5 Qxb5 18. Qg4 Rg8 19. Qh4 Bd7 20. Bd4 Qc4 21. Rad1 Rac8 22. Qxh7 Kf7
23. Qh5+ g6 24. Qf3 {Gdanski,J-Tondivar,B/Cappelle op (8)/1994/1-0 (61)}) 15.
Bxd7+ Kxd7 16. Qxd4 f6 17. O-O Rhc8 18. Rfe1 Qc3 19. Bxe5 fxe5 20. Qh4 $13 {
Lputian}) 13. h4 $5 (13. b5 Ncxe5 14. Nxe5 Nxe5 15. O-O f6 $13) 13... axb4 14.
axb4 Rxa1 15. Qxa1 O-O $6 (15... Nxb4 16. h5 Ne7 17. Nxd4 $14) (15... Ngxe5 16.
Nxe5 Nxe5 17. O-O f6 18. Qxd4 $14) (15... h6 $5 16. Nxd4 Nxd4 17. Qxd4 O-O $14)
16. O-O (16. b5 $5) 16... Nxb4 17. h5 $1 Ne7 18. h6 gxh6 19. Qc1 $2 (19. Bh4
Nxd3 20. cxd3 Nf5 21. Bf6 h5 22. Nxd4 h6 $1 $14) 19... Nxd3 $17 {0-1 Horvath,
Jo-Lputian,S/Sochi 1985} (19... Nxd3 {Ftacnik} 20. Qxh6 Nb4 21. Rd1 Qxc2 22.
Rxd4 Qg6 23. Qh3 Qb1+ 24. Kh2 {Horvath,Jo-Lputian,S/Sochi 40/364/1985/0-1 (30)}
)) (10. Bd3 $6 {Ftacnik} Ng6 11. Bxg6 hxg6 $15) 10... Bd7 (10... Ng6 11. Nxc6
bxc6 12. Bg3 a5 13. Bd3 Ba6 $10) (10... Nxd4 {Ftacnik} 11. Qxd4 Bd7 12. Bd3 a6
13. a4 Nc6 14. Qb2 Nxb4 15. O-O Nxd3 16. cxd3 O-O 17. Qxb7 Qb8 18. Rfb1 Ra7 19.
Qxb8 Rxb8 20. Rxb8+ Bxb8 21. Rb1 Bc7 22. Be3 Ra8 23. Rb7 Rc8 24. a5 {Poulsen,
A-Brynell,S/Copenhagen Obro/1989/0.5 (33)}) 11. Nxc6 Nxc6 12. b5 (12. Bd3 {
Ftacnik} Qb8 $1 13. Qe2 f6) 12... Ne7 (12... Na5 {aber der N kann am anderen
Flügel fehlen.}) (12... Na5 {Ftacnik} 13. Nd2 $14) 13. Bd3 Ng6 14. Bg3 Ba5+ 15.
Kf1 Qe7 16. h4 $1 Bc3 (16... h5 $13) (16... h5 {Ftacnik} 17. a4 $14 (17. Bxg6
fxg6 18. Qd3 Qf7 19. Nd4 Rc8 $10)) 17. h5 $5 (17. Rb1 Qxa3 18. h5 Ne7 {steht
der N natürlich weitaus besser als in der Partie.} 19. h6 gxh6 20. Rxh6 $44)
17... Nf8 (17... Bxa1 {Das konnte man sich durchaus zeigen lassen.} 18. hxg6
Qxa3 $1 (18... Bb2 {Ftacnik} 19. Rxh7 Rxh7 (19... O-O-O 20. Bh4 f6 21. Bxf6 $18
) 20. gxh7 O-O-O 21. Bh4 f6 22. c3 $1 $40) 19. gxf7+ (19. Rxh7 Rxh7 20. gxh7
Ke7 21. Bh4+ (21. Qd2 Rh8 22. Qg5+ Kf8 $13) 21... f6 $15) 19... Kf8 20. Ng5 h6
$13) 18. Rb1 (18. h6 $1 {Ftacnik} gxh6 19. Bh4 Qc5 20. Rb1 $16) 18... Qxa3 (
18... h6 $5 {Ftacnik}) 19. h6 gxh6 (19... g6 {Ftacnik} 20. Bh4 $44) 20. Rxh6
Rg8 21. Bf4 Qc5 $6 {Hier fiel mir schon nichts mehr ein. Besser 21...0-0-0+/-}
22. Ng5 $1 Ng6 $6 (22... Rxg5 23. Bxg5 Bxe5 24. Qf3 $16) (22... Rg7 23. Qh5 $16
) (22... Bxe5 23. Nxe6 $1 Bxe6 24. Bxe5 $16) 23. Nxf7 $1 Kxf7 (23... Nxf4 24.
Nd6+ $18 (24. Nd6+ {Ftacnik} Kf8 (24... Kd8 25. Nxb7+ $18) 25. Rf6+ Kg7 26.
Qg4+ Ng6 27. Rxg6+ hxg6 28. Qxg6+ $18)) 24. Rxh7+ Ke8 (24... Rg7 {Ftacnik} 25.
Bxg6+ Kxg6 26. Qh5#) 25. Bg5 $1 (25. Bxg6+ Kd8 26. Qd3 $1 $18) (25. Qh5 $18 {
Ftacnik}) 25... Nf4 $8 26. Bxf4 Kd8 27. Qh5 Rf8 (27... Kc7 {Ftacnik} 28. b6+
axb6 29. Rxd7+ Kxd7 30. Qf7+ Qe7 31. Bb5+ $18) 28. Qh6 Bxe5 29. Be3 {lenkt die
Dame von f2 ab.} (29. Bxe5 $4 {Ftacnik} Qxf2#) 29... Qa3 (29... d4 {Ftacnik}
30. Bg5+ Kc8 31. Be7 $18) 30. Bg5+ Kc7 (30... Kc8 {Ftacnik} 31. Be7 $18) 31.
Qxe6 (31. Qxe6 Qd6 32. Rxd7+ Qxd7 33. Qxe5+ $18) 1-0

[Event "Kecskemet"]
[Site "Kecskemet"]
[Date "1990.??.??"]
[Round "10"]
[White "Gallagher, Joseph G"]
[Black "Hertneck, Gerald"]
[Result "1/2-1/2"]
[WhiteElo "2470"]
[BlackElo "2480"]
[Annotator "Knaak,R"]
[PlyCount "62"]
[EventDate "1990.06.??"]
[EventType "tourn"]
[EventRounds "13"]
[EventCountry "HUN"]
[EventCategory "8"]
[SourceTitle "CBM 020"]
[Source "ChessBase"]
[SourceDate "1991.02.01"]
[SourceVersion "1"]
[SourceVersionDate "1991.02.01"]
[SourceQuality "1"]

1. e4 e6 2. d4 d5 3. Nc3 Bb4 4. e5 Ne7 5. a3 Bxc3+ 6. bxc3 c5 7. Qg4 O-O 8. Bd3
f5 9. exf6 Rxf6 10. Bg5 Rf7 11. Qh4 (11. Qh5 $1) 11... h6 12. Bxe7 Qxe7 13.
Qxe7 Rxe7 14. Nf3 Bd7 $5 (14... Nc6 15. dxc5) 15. O-O c4 16. Bg6 Nc6 17. Rfe1
Rf8 18. Rab1 Rf6 19. Bh5 g6 20. Bg4 Be8 21. Ne5 Nxe5 22. Rxe5 Kf8 23. Rbe1 Bf7
24. h4 Ke8 25. g3 Kd8 26. f4 h5 27. Bh3 Re8 28. Kf2 Kc7 29. Ke3 Rd8 30. Kd2 Rd6
31. Kc1 Rb6 1/2-1/2

[Event "Interzonal-15"]
[Site "Manila"]
[Date "1990.??.??"]
[Round "11"]
[White "Cabrilo, Goran"]
[Black "Vaganian, Rafael A"]
[Result "1/2-1/2"]
[WhiteElo "2485"]
[BlackElo "2630"]
[Annotator "Knaak,R"]
[PlyCount "69"]
[EventDate "1990.06.29"]
[EventType "swiss"]
[EventRounds "13"]
[EventCountry "PHI"]
[SourceTitle "CBM 019"]
[Source "ChessBase"]
[SourceDate "1990.12.01"]
[SourceVersion "1"]
[SourceVersionDate "1990.12.01"]
[SourceQuality "1"]

1. e4 e6 2. d4 d5 3. Nc3 Bb4 4. e5 c5 5. a3 Ba5 6. b4 cxd4 7. Qg4 Ne7 8. Nb5
Bc7 9. Qxg7 Rg8 10. Qxh7 a6 11. Nxc7+ Qxc7 12. Ne2 Qxe5 13. Bb2 (13. Qd3 $1)
13... Qf6 (13... Qc7 $1 14. f4 Nbc6 (14... e5 $5 {/\ Bf5}) 15. Qd3 Nf5 16. c3
dxc3 $10 {Lau,R-Haugli,P/Naestved op/1988}) 14. Qd3 (14. f4 $1) 14... e5 15. f4
Bf5 16. Qd2 (16. fxe5 $2 Qh4+ 17. g3 Bxd3 18. gxh4 Be4 $19) 16... Qh4+ 17. g3
Qh7 18. Bg2 f6 $15 19. O-O Nbc6 20. Rf2 Rh8 21. Bh1 Be4 22. Re1 O-O-O 23. a4
Rhg8 $6 24. b5 axb5 25. axb5 Nb8 26. Qb4 Kd7 27. Ba3 Nf5 28. Bxe4 dxe4 29. fxe5
fxe5 30. Qc5 Nxg3 31. Qd5+ Kc8 32. Qc4+ Kd7 33. Qd5+ Kc8 34. Qc4+ Kd7 35. Qd5+
1/2-1/2

[Event "Voskresensk"]
[Site "Voskresensk"]
[Date "1990.??.??"]
[Round "?"]
[White "Vasiukov, Evgeni"]
[Black "Naumkin, Igor"]
[Result "1/2-1/2"]
[WhiteElo "2545"]
[BlackElo "2455"]
[Annotator "Knaak,R"]
[PlyCount "64"]
[EventDate "1990.07.??"]
[EventType "tourn"]
[EventRounds "11"]
[EventCountry "URS"]
[EventCategory "9"]
[SourceTitle "CBM 019"]
[Source "ChessBase"]
[SourceDate "1990.12.01"]
[SourceVersion "1"]
[SourceVersionDate "1990.12.01"]
[SourceQuality "1"]

1. e4 e6 2. d4 d5 3. Nc3 Bb4 4. e5 c5 5. a3 Bxc3+ 6. bxc3 Ne7 7. Qg4 O-O 8. Bd3
Nbc6 9. Qh5 Ng6 {9...h6 und 9...Nf5 sind nicht mehr spielbar, also ...} (9...
Nf5 10. Nf3 f6 11. g4 c4 12. gxf5 $1 {N} cxd3 13. Rg1 exf5 (13... Ne7 14. exf6
Rxf6 15. Bh6 Nxf5 16. Bg5 $16 {Khalifmann/Nesis}) 14. Bh6 Rf7 15. Kd2 Be6 16.
Bxg7 Rxg7 17. Rxg7+ Kxg7 18. Rg1+ {1-0/Khalifmann,A-Nikolic,Pr/Moscov GMA/1990}
) 10. Nf3 Nce7 11. dxc5 {N} (11. h4 f6 12. exf6 gxf6 13. Qh6 Rf7 14. h5 Nf8 15.
O-O c4 16. Be2 Nf5 17. Qf4 Qd6 18. Re1 Bd7 19. a4 $14 {Kamsky,G-Umezinwa,G/
Chicago US-op/1989}) 11... Qc7 12. O-O Nf5 13. Re1 Qxc5 14. Bd2 Qc7 15. Rab1
$14 Bd7 16. Ng5 Nh6 17. Rb4 f5 18. exf6 Rxf6 19. Bxg6 Rxg6 20. Nf3 Rf8 21. Qe5
Qc8 22. Nh4 Rgf6 23. Bxh6 Rxh6 24. Rg4 Rhf6 25. Re3 Qb8 26. Qg5 R8f7 27. Nf3
Rg6 28. Qh4 Rxg4 29. Qxg4 Qf4 30. Qxf4 Rxf4 31. Nd4 Kf7 32. g3 Rf6 1/2-1/2

[Event "Interzonal-15"]
[Site "Manila"]
[Date "1990.??.??"]
[Round "7"]
[White "Chandler, Murray G"]
[Black "Vaganian, Rafael A"]
[Result "0-1"]
[WhiteElo "2560"]
[BlackElo "2630"]
[Annotator "Knaak,R"]
[PlyCount "142"]
[EventDate "1990.06.29"]
[EventType "swiss"]
[EventRounds "13"]
[EventCountry "PHI"]
[SourceTitle "CBM 019"]
[Source "ChessBase"]
[SourceDate "1990.12.01"]
[SourceVersion "1"]
[SourceVersionDate "1990.12.01"]
[SourceQuality "1"]

1. e4 e6 2. d4 d5 3. Nc3 Bb4 4. e5 c5 5. a3 Ba5 6. b4 cxd4 7. Qg4 Ne7 8. Nb5
Bc7 9. Qxg7 Rg8 10. Qxh7 a6 11. Nxc7+ Qxc7 12. Ne2 Qxe5 13. Qd3 Nbc6 (13... Qc7
$5 14. Nxd4 e5 15. Nb3 Bf5 $13) 14. Bb2 Bd7 (14... Nf5 15. O-O-O Qf6 16. Nxd4
$14 {Liberzon-Vaganian/Haifa/1989}) 15. O-O-O Qf6 16. Nxd4 Qxf2 17. Nf3 Nf5 18.
Qd2 Qe3 19. Bd3 Nce7 20. Rhe1 Qxd2+ 21. Rxd2 $14 Rc8 22. h4 Bb5 23. Bxb5+ axb5
24. h5 Rc4 25. Rh1 Ng3 26. Rh3 Ne4 27. h6 f6 28. h7 Rh8 29. Re2 Kf7 30. Nd4 e5
31. Nxb5 Kg6 32. c3 Rxh7 33. Rxh7 Kxh7 34. Kc2 Nf5 35. Kd3 Neg3 36. Re1 e4+ 37.
Kd2 Kg6 38. a4 d4 39. Na3 dxc3+ 40. Bxc3 Rc8 41. Nc2 Kg5 42. b5 Rd8+ 43. Kc1
Nh4 44. Re3 Nhf5 45. Re1 Rc8 46. Bd2+ Kg4 47. Kb2 Rd8 48. Bc3 Rd6 49. a5 Rd5
50. b6 Kf4 51. Kb3 e3 52. Kc4 Rd6 53. Nb4 Ke4 54. Kc5 Rd8 55. Bxf6 Rc8+ 56. Kb5
Nd6+ 57. Ka4 Nc4 58. Bg5 Rc5 59. Be7 Rxa5+ 60. Kb3 Nd2+ 61. Kc3 Nf5 62. Nc2 Rd5
63. Bf8 Rd3+ 64. Kb4 Rb3+ 65. Ka4 Rc3 66. Na3 Rc8 67. Bb4 Ra8+ 68. Ba5 Nd4 69.
Nb5 Nc4 70. Na7 Nxa5 71. Kxa5 e2 0-1

[Event "Interzonal-15"]
[Site "Manila"]
[Date "1990.??.??"]
[Round "9"]
[White "Short, Nigel D"]
[Black "Lputian, Smbat G"]
[Result "1-0"]
[WhiteElo "2610"]
[BlackElo "2575"]
[Annotator "Knaak,R"]
[PlyCount "75"]
[EventDate "1990.06.29"]
[EventType "swiss"]
[EventRounds "13"]
[EventCountry "PHI"]
[SourceTitle "CBM 019"]
[Source "ChessBase"]
[SourceDate "1990.12.01"]
[SourceVersion "1"]
[SourceVersionDate "1990.12.01"]
[SourceQuality "1"]

1. e4 e6 2. d4 d5 3. Nc3 Bb4 4. e5 c5 5. a3 Ba5 6. Qg4 Ne7 7. dxc5 Bxc3+ 8.
bxc3 Qa5 9. Bd2 Ng6 10. h4 $5 {N} h5 11. Qg5 Nd7 12. c4 Qa4 13. cxd5 Qe4+ 14.
Ne2 Qxd5 (14... Ndxe5 $1 15. Qe3 $13) 15. f4 $14 {^^} Nxc5 16. Nc3 Qd4 17. Rb1
Ne4 18. Nxe4 Qxe4+ 19. Kd1 O-O 20. Bd3 Qd5 21. Rb5 Qd4 22. Ke2 b6 23. Rb4 Qd5
24. Be3 Bb7 25. Kf2 Rac8 26. Rd4 Qa2 27. Rc1 Qxa3 28. g4 Rc5 29. gxh5 Nxe5 30.
fxe5 f6 31. Qg6 fxe5+ 32. Kg1 exd4 33. h6 Rc7 34. Bg5 Rf5 35. Qxe6+ Rcf7 36.
h7+ Kh8 37. Re1 Qf8 38. Be7 1-0

[Event "Stara Zagora zt-A"]
[Site "Stara Zagora"]
[Date "1990.??.??"]
[Round "10"]
[White "Kuczynski, Robert"]
[Black "Dimitrov, Vladimir"]
[Result "1-0"]
[WhiteElo "2460"]
[BlackElo "2455"]
[Annotator "Knaak,R"]
[PlyCount "69"]
[EventDate "1990.02.??"]
[EventType "tourn"]
[EventRounds "13"]
[EventCountry "BUL"]
[EventCategory "9"]
[SourceTitle "CBM 017"]
[Source "ChessBase"]
[SourceDate "1990.08.01"]
[SourceVersion "1"]
[SourceVersionDate "1990.08.01"]
[SourceQuality "1"]

1. e4 e6 2. d4 d5 3. Nc3 Bb4 4. e5 c5 5. a3 Ba5 6. dxc5 Bxc3+ 7. bxc3 Ne7 {
Mit 7...Dc7 kann man verhindern, daß die weiße Dame nach g4 geht. (i47/(366))}
8. Qg4 Qc7 {>= 8...Sd7} 9. Nf3 Nd7 10. Qxg7 Rg8 11. Qh6 (11. Qxh7 $1 Nxe5 12.
Bb5+ Bd7 13. Bxd7+ Kxd7 14. Qh5 f5 15. Rb1 $1 $16) 11... Nxc5 12. Bb5+ Bd7 13.
Bxd7+ Kxd7 $1 $15 14. O-O Ne4 15. a4 Nf5 16. Qf4 h5 17. h3 Qxc3 {Dieser Bauer
hatte Zeit. Gut möglich war 17...Tg7.} 18. Ra3 Qc4 19. Nh4 $1 Rg5 {Sieht
gekünstelt aus.} (19... Ned6 $5 20. exd6 Qxf4 21. Bxf4 Nxh4 22. Rb3 $1 b6 23.
a5 Ng6 (23... Nxg2 24. Bg3 Nf4 25. Kh1 $10) 24. Bh2 e5 $13) 20. f3 Qc5+ 21. Re3
$8 Rag8 22. fxe4 Nxh4 23. Qxh4 Qxc2 $2 (23... Rxg2+ 24. Kh1 Qxc2 25. Qf4 R2g7
26. Qf3 Rg2 27. Qxf7+ Kd8 28. Qf4 (28. Qf6+ Kd7 29. Qf4 $2 Rf8 $1 $19) 28...
R2g7 $10) 24. g3 $18 d4 25. Ref3 R5g7 26. Qf4 Qxa4 27. Kg2 Kc8 28. Qd2 Rd8 29.
Ba3 d3 30. Bd6 Qxe4 31. Rc1+ Kd7 32. Rc7+ Ke8 33. Re7+ Kf8 34. Rexf7+ Kg8 35.
Rxg7+ 1-0

[Event "Taastrup"]
[Site "Taastrup"]
[Date "1990.??.??"]
[Round "9"]
[White "Bronstein, David Ionovich"]
[Black "Farago, Ivan"]
[Result "1-0"]
[WhiteElo "2445"]
[BlackElo "2475"]
[Annotator "Knaak,R"]
[PlyCount "45"]
[EventDate "1990.02.??"]
[EventType "tourn"]
[EventRounds "9"]
[EventCountry "DEN"]
[EventCategory "9"]
[SourceTitle "CBM 020"]
[Source "ChessBase"]
[SourceDate "1991.02.01"]
[SourceVersion "1"]
[SourceVersionDate "1991.02.01"]
[SourceQuality "1"]

1. e4 e6 2. d4 d5 3. Nc3 Bb4 4. e5 Ne7 5. a3 Bxc3+ 6. bxc3 c5 7. Qg4 O-O 8. Bd3
f5 9. exf6 Rxf6 10. Qh5 (10. Bg5 $1) 10... h6 $1 11. g4 c4 $5 (11... Nbc6 12.
g5 g6) 12. g5 g6 13. Qd1 Rf7 $2 (13... Rf8 $10) 14. Bxg6 $3 Nxg6 15. Qh5 Nh8
16. Nh3 e5 17. Rg1 Bxh3 18. gxh6+ Kf8 19. h7 Qc8 20. Rg8+ Ke7 21. Rxc8 Bxc8 22.
Qxe5+ Be6 23. Qxh8 1-0

[Event "Lvov zt"]
[Site "Lvov"]
[Date "1990.??.??"]
[Round "?"]
[White "Smirin, Ilia"]
[Black "Lputian, Smbat G"]
[Result "0-1"]
[WhiteElo "2535"]
[BlackElo "2545"]
[Annotator "Knaak,R"]
[PlyCount "80"]
[EventDate "1990.02.??"]
[EventType "swiss"]
[EventRounds "9"]
[EventCountry "URS"]
[SourceTitle "CBM 018"]
[Source "ChessBase"]
[SourceDate "1990.10.01"]
[SourceVersion "1"]
[SourceVersionDate "1990.10.01"]
[SourceQuality "1"]

1. e4 e6 2. d4 d5 3. Nc3 Bb4 4. e5 c5 5. a3 Ba5 6. b4 cxd4 7. Nb5 Bc7 8. f4 Nh6
$1 {Verhindert Qg4.} 9. Nf3 Bd7 (9... Nc6 10. Bd3 Bd7 11. O-O a6 12. Nxc7+ Qxc7
13. Kh1 Rc8 $10 {So die Stammpartie von 8...Nh6: Van der Wiel-Hort/Amsterdam/
1988/CBM9}) 10. Nxc7+ Qxc7 11. Bb2 a5 $1 (11... a6 12. Bd3 Nc6 13. Nxd4 $10 {
Frick,R-Hug,W/Bern zt/1990/CBM17}) 12. Bd3 axb4 13. axb4 Rxa1 14. Qxa1 O-O 15.
Bxd4 Nc6 16. Bc5 Rc8 17. O-O b6 18. Bd6 Qd8 19. Qd1 Ne7 20. Ng5 Nef5 21. Qh5
Ba4 22. Bxf5 exf5 23. Rf3 Rxc2 24. h3 Rc1+ 25. Rf1 Rxf1+ 26. Kxf1 Qc8 27. Qh4
d4 28. Nf3 d3 29. Qe1 Qc4 30. Kg1 Bc6 31. Qh4 f6 32. exf6 Bxf3 33. Qg3 Qd4+ 34.
Kh2 Bg4 35. Be5 Qd7 36. hxg4 Nxg4+ 37. Kg1 gxf6 38. Bb2 d2 39. Qb3+ Kg7 40. Qd1
Qd3 0-1

[Event "Reykjavik Summit"]
[Site "Reykjavik"]
[Date "1990.??.??"]
[Round "?"]
[White "Nunn, John DM"]
[Black "Eingorn, Vereslav S"]
[Result "1-0"]
[WhiteElo "2600"]
[BlackElo "2570"]
[Annotator "Knaak,R"]
[PlyCount "49"]
[EventDate "1990.03.??"]
[EventType "team"]
[EventRounds "6"]
[EventCountry "ISL"]
[SourceTitle "CBM 018"]
[Source "ChessBase"]
[SourceDate "1990.10.01"]
[SourceVersion "1"]
[SourceVersionDate "1990.10.01"]
[SourceQuality "1"]

1. e4 e6 2. d4 d5 3. Nc3 Bb4 4. e5 c5 5. a3 cxd4 $6 {Auch Eingorn kann die
Rechtmäßigkeit dieses Zuges nicht nachweisen.} 6. axb4 dxc3 7. Nf3 Ne7 8. Bd3
Nd7 9. O-O Nc6 10. Re1 Nxb4 11. bxc3 Nxd3 12. cxd3 O-O 13. Ra4 f6 $6 (13... f5
$5) 14. Rg4 Nxe5 15. Nxe5 fxe5 16. Rxe5 Rf5 $6 17. Qe2 g6 (17... Qf6 18. Rxf5
Qxf5 19. Bh6 g6 20. Rf4 $18) 18. Bh6 Kf7 19. h4 Bd7 20. Rb4 a5 21. Rxb7 Qc8 22.
Rxf5+ exf5 23. Qb2 a4 24. Qb5 Ke6 25. Rb6+ 1-0

[Event "Munich"]
[Site "Munich"]
[Date "1990.??.??"]
[Round "?"]
[White "Huebner, Robert"]
[Black "Nikolic, Predrag"]
[Result "1/2-1/2"]
[WhiteElo "2595"]
[BlackElo "2600"]
[Annotator "Knaak,R"]
[PlyCount "26"]
[EventDate "1990.04.??"]
[EventType "tourn"]
[EventRounds "11"]
[EventCountry "GER"]
[EventCategory "13"]
[SourceTitle "CBM 018"]
[Source "ChessBase"]
[SourceDate "1990.10.01"]
[SourceVersion "1"]
[SourceVersionDate "1990.10.01"]
[SourceQuality "1"]

1. e4 e6 2. d4 d5 3. Nc3 Bb4 4. e5 c5 5. a3 Bxc3+ 6. bxc3 Ne7 7. Qg4 Kf8 8. h4
(8. a4 $1 {Oll-Ejngorn/Debrecen/1989/CBM14,S.59}) 8... Qa5 9. Bd2 Qa4 10. h5 {N
} (10. Kd1 {Am,Rodriguez-Dolmatov/Sochi/1988/TD88_01/i46/379}) 10... Qxc2 11.
h6 gxh6 12. Qh3 Ke8 13. Qxh6 Nbc6 1/2-1/2

[Event "Budapest zt-A"]
[Site "Budapest"]
[Date "1993.??.??"]
[Round "1"]
[White "Polgar, Judit"]
[Black "Gdanski, Jacek"]
[Result "1-0"]
[WhiteElo "2595"]
[BlackElo "2480"]
[Annotator "Knaak,R"]
[PlyCount "155"]
[EventDate "1993.03.??"]
[EventType "tourn"]
[EventRounds "11"]
[EventCountry "HUN"]
[EventCategory "11"]
[SourceTitle "CBM 034"]
[Source "ChessBase"]
[SourceDate "1993.06.01"]
[SourceVersion "1"]
[SourceVersionDate "1993.06.01"]
[SourceQuality "1"]

1. e4 {Hansen,LB} e6 2. d4 d5 3. Nc3 Bb4 4. e5 Ne7 5. a3 Bxc3+ 6. bxc3 c5 7.
Qg4 O-O 8. Bd3 Nbc6 9. Qh5 Ng6 10. Nf3 Qc7 11. a4 $1 $146 c4 (11... cxd4 $5 12.
O-O (12. Ba3 $2 Ncxe5 $19) (12. cxd4 Nxd4 13. Nxd4 $2 Qc3+ $19) 12... dxc3 13.
Ng5 h6 14. Nxf7 Qxf7 15. Bxg6 Qc7 16. Ba3 $44) 12. Bxg6 fxg6 13. Qh3 $1 $14 (
13. Qg4 {Hansen,LB}) 13... Qa5 (13... Qf7 14. Ba3 $1 Ne7 15. Ng5 $1 Qxf2+ 16.
Kd1 h6 17. Bxe7 (17. Nf3 $2 Nf5 $1) 17... Re8 18. g4 $1 (18. Nf3 Rxe7 19. Re1
Bd7 20. Rc1 Rf8 21. Re2 (21. Qg4 $6 Rxf3 $1 22. Qxf3 Qxf3+ 23. gxf3 Bxa4 $17)
21... Qf1+ 22. Kd2 Rxf3 23. Rxf1 Rxh3 24. gxh3 Bxa4 25. Ref2 $10) 18... hxg5
19. Rf1 $1 (19. Bxg5 Rf8 20. Be3 Qf7 21. Kd2 Bd7 22. Rhf1 $14) 19... Qh4 20.
Qf3 Bd7 21. Bd6 $16) (13... h6 14. Ke2 Qf7 15. g4 $14) 14. Bd2 Bd7 15. Qg4 $1 {
/\ h4, Qh3, g4} Ne7 16. h4 h6 17. Qh3 Rf7 (17... b5 $5 {Hansen,LB}) 18. Ke2
Raf8 19. Rhf1 Qd8 (19... Kh7 $5 $132 {Hansen,LB}) 20. a5 Nc6 (20... b6 $5 {
Hansen,LB} 21. axb6 (21. a6 Qc8 {X a6}) 21... Qxb6 $132) 21. Qg4 Kh7 $6 (21...
Ne7 22. Ng1 $14 {/\ Nh3}) 22. h5 g5 (22... gxh5 {Hansen,LB} 23. Qxh5 Rf5 24.
Qg4 (24. Qh3 Qe8 {/\ Qg6=/+ X /^b1-h7}) 24... Qe8 25. Rh1 Ne7 {/\ Qg6=/+} 26.
Bxh6 $2 gxh6 27. Rxh6+ Kxh6 28. Rh1+ Qh5 $1 (28... Rh5 $4 29. Qg5+ $18) 29.
Rxh5+ Rxh5 $17) 23. Bxg5 $1 hxg5 24. Nxg5+ Kh8 25. h6 $1 g6 (25... gxh6 26. Rh1
Rxf2+ 27. Ke3 R2f6 28. exf6 Qxf6 29. Raf1 $18) 26. Nxf7+ Rxf7 27. Qxg6 $18 Qf8
28. f4 Ne7 29. Qg5 Rf5 30. Qg7+ (30. Qg3 {Hansen,LB} Be8 $13) 30... Qxg7 31.
hxg7+ Kxg7 32. Rab1 Bc8 33. Rf3 Rh5 34. Rbf1 Rh4 35. Rg3+ Kf7 36. Rff3 Ng6 37.
Kf2 Bd7 38. Rh3 Rxh3 39. Rxh3 Kg7 40. Ke3 Ba4 41. g4 Ne7 (41... Bxc2 $2 {
Hansen,LB} 42. Rh2 {/\ Rb2;f5}) 42. Kd2 Bd7 43. Rh5 Be8 44. Rh1 Bd7 45. Rb1 Bc6
46. Kc1 Kg6 47. Kb2 Ng8 48. Ka3 Nh6 49. Rg1 Bd7 50. Kb4 b6 51. axb6 axb6 52.
Ka3 Kf7 53. Kb2 Kg6 54. Kc1 Be8 55. Kd2 Ba4 56. Ra1 Be8 57. Rg1 Ba4 58. Rg2 Kg7
59. Ke3 Kg6 60. Kf3 Kf7 61. Kg3 Kg6 62. Rh2 Nf7 63. Kh4 Nh6 64. Rf2 Bd7 65. Rf1
Ba4 66. Rb1 b5 67. Rc1 Ng8 68. Rf1 Bxc2 (68... Nh6 {Hansen,LB} 69. Rf2 $22 $18)
69. Rf2 Be4 (69... Bb3 {Hansen,LB} 70. f5+ $18) 70. Rb2 Nh6 71. Rxb5 Bf3 72.
f5+ exf5 73. Rb6+ Kg7 74. g5 Ng8 (74... Ng4 {Hansen,LB} 75. Rb7+ {/\ e6+-}) 75.
Rb7+ Kf8 (75... Kg6 {Hansen,LB} 76. e6 $18) 76. g6 f4 77. e6 Ne7 78. Rxe7 1-0

[Event "London WFW"]
[Site "London"]
[Date "1990.??.??"]
[Round "?"]
[White "Watson, William N"]
[Black "Kosten, Anthony C"]
[Result "1-0"]
[WhiteElo "2470"]
[BlackElo "2485"]
[Annotator "Knaak,R"]
[PlyCount "89"]
[EventDate "1990.04.??"]
[EventType "tourn"]
[EventRounds "13"]
[EventCountry "ENG"]
[EventCategory "11"]
[SourceTitle "CBM 018"]
[Source "ChessBase"]
[SourceDate "1990.10.01"]
[SourceVersion "1"]
[SourceVersionDate "1990.10.01"]
[SourceQuality "1"]

1. e4 e6 2. d4 d5 3. Nc3 Bb4 4. e5 c5 5. a3 Bxc3+ 6. bxc3 Qa5 7. Bd2 Qa4 $6 (
7... Ne7) 8. Qb1 $1 c4 $16 9. Nf3 Nc6 10. g3 Nge7 11. h4 Bd7 12. h5 h6 13. Bh3
O-O-O 14. O-O Rdf8 15. Re1 g6 16. Qc1 Ng8 17. Qd1 Nce7 18. Rb1 Kb8 19. Rb4 Qc6
20. Qe2 Re8 21. Nh2 Nf5 22. Reb1 Bc8 23. Qg4 Nge7 24. Qf3 Ng7 25. Ng4 Nxh5 26.
Nxh6 Ref8 27. g4 g5 28. Bxg5 Ng8 29. gxh5 Nxh6 30. Qf6 Rfg8 31. Kf1 Nf5 32.
Bxf5 Rxh5 33. f4 Qe8 34. Bg4 Rh1+ 35. Kf2 Rxb1 36. Rxb1 Rg6 37. Qe7 Qxe7 38.
Bxe7 Rxg4 39. Bg5 Kc7 40. Kf3 Rxg5 41. fxg5 Kd8 42. Kg4 Ke7 43. Kh5 Kf8 44. Kh6
Kg8 45. g6 1-0